000 00512nam a2200169Ia 4500
003 GCL
008 140319s9999 xx 000 0 ara d
040 _aGCL /
_cGCL
082 0 4 _a657
_bم ج
100 1 _aمحمد شوقى بشارى
245 1 0 _aالجدوى الاقتصادية للمشرعات الاسثمارية /
_cمحمد شوقى بشارى
260 _a[S.N] :
_bدار الثقافة العربية ،
_c1992
300 _a244
490 _a
650 0 4 _aالمحاسبة
942 _2ddc
_cBK
999 _c41946
_d41946